Introduction to biostatistics (Record no. 12915)
[ view plain ]
| 000 -LEADER | |
|---|---|
| fixed length control field | 00459pam a2200181 4500 |
| 020 ## - INTERNATIONAL STANDARD BOOK NUMBER | |
| ISBN | 0716706938 |
| 040 ## - CATALOGING SOURCE | |
| Transcribing agency | DLC |
| 082 00 - DEWEY DECIMAL CLASSIFICATION NUMBER | |
| Classification number | 574 W.H 1973 A027 Or. |
| 100 1# - MAIN ENTRY--AUTHOR NAME | |
| Personal name | Sokal, Robert R. |
| 245 10 - TITLE STATEMENT | |
| Title | Introduction to biostatistics |
| 260 ## - PUBLICATION, DISTRIBUTION, ETC. (IMPRINT) | |
| Place of publication | San Francisco, |
| Name of publisher | W. H. Freeman |
| Year of publication | [1973] |
| 300 ## - PHYSICAL DESCRIPTION | |
| Number of Pages | xiii, 368 p. |
| Dimensions | 25 cm. |
| 490 0# - SERIES STATEMENT | |
| Series statement | A Series of books in biology |
| 650 #0 - SUBJECT ADDED ENTRY--TOPICAL TERM | |
| Topical Term | Biometry. |
| 650 #2 - SUBJECT ADDED ENTRY--TOPICAL TERM | |
| Topical Term | Biometry. |
| 700 1# - ADDED ENTRY--PERSONAL NAME | |
| Personal name | Rohlf, F. James, |
| 942 ## - ADDED ENTRY ELEMENTS (KOHA) | |
| Koha item type | សៀវភៅភាសាអង់គ្លេស |
| 952 ## - LOCATION AND ITEM INFORMATION (KOHA) | |
| Withdrawn status [LOCAL, KOHA] | 0 |
| Permanent Location | Date acquired | Koha item type | Lost status | Shelving location | Barcode | Current Location | Full call number |
|---|---|---|---|---|---|---|---|
| Library Block A | 2017-08-18 | សៀវភៅភាសាអង់គ្លេស | A027 | A13725 | Library Block A | 574 W.H 1973 A027 Or. |